| 000 -LEADER |
| fixed length control field |
02109cam a2200361 a 4500 |
| 001 - CONTROL NUMBER |
| control field |
14899330 |
| 005 - DATE AND TIME OF LATEST TRANSACTION |
| control field |
20170105102918.0 |
| 008 - FIXED-LENGTH DATA ELEMENTS--GENERAL INFORMATION |
| fixed length control field |
070621s2008 mdu b 001 0 eng |
| 010 ## - LIBRARY OF CONGRESS CONTROL NUMBER |
| LC control number |
2007026060 |
| 020 ## - INTERNATIONAL STANDARD BOOK NUMBER |
| International Standard Book Number |
9788175967717 (pbk. : alk. paper) |
| 035 ## - SYSTEM CONTROL NUMBER |
| System control number |
(OCoLC)ocn145431813 |
| 035 ## - SYSTEM CONTROL NUMBER |
| System control number |
(OCoLC)145431813 |
| Canceled/invalid control number |
(OCoLC)154706161 |
| -- |
(OCoLC)154706162 |
| 040 ## - CATALOGING SOURCE |
| Original cataloging agency |
DLC |
| Transcribing agency |
DLC |
| Modifying agency |
YDXCP |
| -- |
BAKER |
| -- |
BTCTA |
| -- |
C#P |
| -- |
DLC |
| 043 ## - GEOGRAPHIC AREA CODE |
| Geographic area code |
n-us--- |
| 050 00 - LIBRARY OF CONGRESS CALL NUMBER |
| Classification number |
HV6432 |
| Item number |
.P345 2008 |
| 082 00 - DEWEY DECIMAL CLASSIFICATION NUMBER |
| Classification number |
973.931 |
| Edition number |
22 |
| 100 1# - MAIN ENTRY--PERSONAL NAME |
| Personal name |
Palmer, Monte. |
| 245 10 - TITLE STATEMENT |
| Title |
Islamic extremism : |
| Remainder of title |
causes, diversity, and challenges / |
| Statement of responsibility, etc. |
Monte Palmer and Princess Palmer. |
| 260 ## - PUBLICATION, DISTRIBUTION, ETC. |
| Place of publication, distribution, etc. |
Lanham : |
| Name of publisher, distributor, etc. |
Rowman & Littlefield Publishers, |
| Date of publication, distribution, etc. |
c2008. |
| 300 ## - PHYSICAL DESCRIPTION |
| Extent |
x, 291 p. ; |
| Dimensions |
24 cm. |
| 504 ## - BIBLIOGRAPHY, ETC. NOTE |
| Bibliography, etc. note |
Includes bibliographical references and index. |
| 505 0# - FORMATTED CONTENTS NOTE |
| Formatted contents note |
America's struggle against terror : who is the enemy? -- Islam, Muslim extremism, and anti-Americanism -- The Muslim brotherhood and the origin of the radical moderates -- Hamas : the ascendance of religious extremism in the Arab Israeli conflict -- Hizbullah : a tale of three countries -- Iraqi Hizbullah -- Turkey : a model for democratic Islamic rule? -- The jihadist movement and how it evolved -- The jihadist war plan -- The jihadist war machine -- The allies of the jihadists : those who make terror possible -- The Israeli struggle against terror and Islamic extremism : a guide for the United States -- How America's allies in the Islamic World fight terror -- America, Islamic extremism and jihadist terror. |
| 650 #0 - SUBJECT ADDED ENTRY--TOPICAL TERM |
| Topical term or geographic name entry element |
War on Terrorism, 2001-2009. |
| 650 #0 - SUBJECT ADDED ENTRY--TOPICAL TERM |
| Topical term or geographic name entry element |
Islamic fundamentalism. |
| 650 #0 - SUBJECT ADDED ENTRY--TOPICAL TERM |
| Topical term or geographic name entry element |
Jihad. |
| 650 #0 - SUBJECT ADDED ENTRY--TOPICAL TERM |
| Topical term or geographic name entry element |
Islam and politics. |
| 651 #0 - SUBJECT ADDED ENTRY--GEOGRAPHIC NAME |
| Geographic name |
United States |
| General subdivision |
Politics and government |
| Chronological subdivision |
2001-2009. |
| 700 1# - ADDED ENTRY--PERSONAL NAME |
| Personal name |
Palmer, Princess, |
| Dates associated with a name |
1952- |
| 856 41 - ELECTRONIC LOCATION AND ACCESS |
| Materials specified |
Table of contents only |
| Uniform Resource Identifier |
<a href="http://www.loc.gov/catdir/toc/ecip0721/2007026060.html">http://www.loc.gov/catdir/toc/ecip0721/2007026060.html</a> |
| 906 ## - LOCAL DATA ELEMENT F, LDF (RLIN) |
| a |
7 |
| b |
cbc |
| c |
orignew |
| d |
1 |
| e |
ecip |
| f |
20 |
| g |
y-gencatlg |
| 942 ## - ADDED ENTRY ELEMENTS (KOHA) |
| Source of classification or shelving scheme |
|
| Koha item type |
Book |